Reflexiones sobre la estructura de redes de política pública en la atención e inclusión de los sobrevivientes en el marco del postconflicto (Registro nro. 149483)

Detalles MARC
000 -CABECERA
campo de control de longitud fija 00590nam a2200181Ia 4500
001 - NÚMERO DE CONTROL
campo de control 149483
003 - IDENTIFICADOR DEL NÚMERO DE CONTROL
campo de control 243069
005 - FECHA Y HORA DE LA ÚLTIMA TRANSACCIÓN
campo de control 20241203064956.0
008 - DATOS DE LONGITUD FIJA--INFORMACIÓN GENERAL
campo de control de longitud fija ||||||n9999 ||| || ||
082 ## - NÚMERO DE LA CLASIFICACIÓN DECIMAL DEWEY
Número de clasificación 320.6
100 ## - ENTRADA PRINCIPAL--NOMBRE DE PERSONA
Nombre de persona Torres Salgado, Camilo Andrés
9 (RLIN) 183516
245 #0 - MENCIÓN DE TÍTULO
Título Reflexiones sobre la estructura de redes de política pública en la atención e inclusión de los sobrevivientes en el marco del postconflicto
562 ## - NOTA DE IDENTIFICACIÓN DE LA COPIA Y VERSIÓN
Número de copias 1
650 #0 - PUNTO DE ACCESO ADICIONAL DE MATERIA--TÉRMINO DE MATERIA
Término de materia o nombre geográfico como elemento de entrada Conflicto armado
9 (RLIN) 10156
650 ## - PUNTO DE ACCESO ADICIONAL DE MATERIA--TÉRMINO DE MATERIA
Término de materia o nombre geográfico como elemento de entrada POLÍTICAS
9 (RLIN) 183517
650 #0 - PUNTO DE ACCESO ADICIONAL DE MATERIA--TÉRMINO DE MATERIA
Término de materia o nombre geográfico como elemento de entrada Administradores Públicos (Bogotá)
9 (RLIN) 135945
942 ## - ELEMENTOS DE PUNTO DE ACCESO ADICIONAL (KOHA)
Tipo de ítem Koha Tesis
Existencias
Estado de retiro Estado de pérdida Fuente del sistema de clasificación o colocación Estado dañado No para préstamo Código de colección Localización permanente Ubicación/localización actual Fecha de adquisición Coste, precio normal de compra Signatura topográfica completa Código de barras Número de copia Tipo de ítem Koha
    Dewey Decimal Classification     Trabajos de Grado Bogotá - Sede Central Bogotá - Sede Central 03/02/2022 0.00 BOG524 2015 131633 1 Tesis